| 000 | 01631nam a22003017a 4500 | ||
|---|---|---|---|
| 003 | OSt | ||
| 005 | 20240418122010.0 | ||
| 008 | 240414b |||||||| |||| 00| 0 eng d | ||
| 020 | _a4-1-1542-10 | ||
| 040 |
_aBiblioteca de Lingüística _cRDA |
||
| 041 |
_aspa _hspa |
||
| 082 | _221 | ||
| 100 |
_cEscobar Callejas, Piter _eAutor _92178 |
||
| 245 | _aDiseño de Programas Educativas E-learning: en facilito | ||
| 260 |
_aLa Paz - Bolivia: _bEditorial CIDES-INCE, _c2010 |
||
| 300 |
_a70 páginas; _bTapa blanda, cuadros, figuras; _c24 x 17 centímetros; |
||
| 336 |
_2rdacontent _aTexto _btxt |
||
| 505 | _aUnidad Didáctica I: Diseño de programas educativos e-Learning, - Unidad Didáctica II: Diseño de acciones e-Learning, - Unidad Didáctica III: Ejecución de acciones de e-learning, - BIBLIOGRAFÍA | ||
| 520 | _aEl libro aborda el e-learning y la educación virtual, destacando la importancia de conocer metodologías y estrategias didácticas adecuadas. Proporciona bases teóricas y prácticas para diversos campos educativos, promoviendo la formación virtual para satisfacer las demandas profesionales. También menciona recursos como el chat, videoconferencias y software educativo. | ||
| 521 | _aEl libro está dirigido a educadores, profesionales del ámbito educativo, diseñadores instruccionales y cualquier persona interesada en el campo del e-learning y la educación virtual. | ||
| 650 |
_aLingüística _9281 |
||
| 653 | _aEducadores | ||
| 653 | _aAprendizaje virtual | ||
| 653 | _aMetodologías | ||
| 653 | _aEstrategias didácticas | ||
| 653 | _aTecnología educativa | ||
| 942 |
_2ddc _cBK _n0 |
||
| 999 |
_c1927 _d1927 |
||